Statistics for Christmas A-Z #3 (For REAL Noel Nerds)

Click here to take the quiz!

General Stats

  • This quiz has been taken 38 times
  • The average score is 10 of 25

Answer Stats

HintAnswer% Correct
AIf you're waiting up for Sinterklaas you might be in this national capital.Amsterdam
81%
OIn Englad these shellfish were once used to stuff a turkey. Yuk!Oysters
72%
QRock group that sang "Thank God It's Christmas."Queen
69%
IKids who put out their shoes in hopes that they'll be filled by the Jolasveinar (Yule Lads) live in this European country.Iceland
66%
N"I'm Getting ______ For Christmas, Mommy and Daddy are mad...."Nothin'
66%
P"On the eleventh day of Christmas my true love gave to me, eleven ______ ______."Pipers piping
66%
CFor over forty concecutive years this city's Goodman Theater has presented their annual production of "A Christmas Carol."Chicago
56%
RPerenial favorite by singer Brenda Lee.Rockin' around the Christmas Tree
53%
TSadly, 2017 was the last year parents could buy gifts at this once mighty retail chain.Toys "R" Us
50%
HThis state capital's Christmas was infamously ruined eighteen days prior in 1941.Honolulu
44%
KNasty demon who abducts naughty children.Krampus
44%
SIn 1989 this TV family got a Christmas Special before their loooong running TV show Premiered.The Simpsons
44%
ZFormer country where the lead singer of Q was born.Zanzibar
41%
LOn December 25, 2017, this Christmas ballad took on a particular poingiancy.Last Christmas
34%
DGonzo played him in "A Muppet Christmas Carol."Charles Dickens
31%
MLate singer of the above.George Michael
31%
GName of the family in "National Lampoon's Christmas Vacation."Griswold
31%
WMulti-Oscar winning composer who scored the film "Home Alone."John Williams
25%
EIn Spain the poinsettia is known as an ______ Flower.Easter
19%
FSinger who popularized the song "Feliz Navidad."Jose Feliciano
19%
BName Yukon Cornelius gave the Abominable Snowman.Bumble
13%
JIcecream desert sold by the restaraunt chain Friendly's at Christmastime.Jubilee Roll
6%
Y1974 Rankin-Bass Christmas special with Mickey Rooney providing the voice of Santa.The Year Without a Santa Claus
3%
VA traditional Trinidadian Christmas carol popularized by Harry Belafonte.The Virgin Mary Had a Baby Boy
0%
UChristmas character created by the Marshall Fields department store that allegedly lived on the eighth floor of said shopping emporioum.Uncle Mistletoe
0%

Score Distribution

Percentile by Number Answered

Percent of People with Each Score

Your Score History

You have not taken this quiz